TB OF PHYSIOLOGY-2 (Record no. 544)

MARC details
000 -LEADER
fixed length control field 00336nam a2200145Ia 4500
008 - FIXED-LENGTH DATA ELEMENTS--GENERAL INFORMATION
fixed length control field 150201s2009 xx 000 0 und d
082 ## - DEWEY DECIMAL CLASSIFICATION NUMBER
Classification number 612
Item number P06J
100 ## - MAIN ENTRY--PERSONAL NAME
Personal name JAIN,AK
245 ## - TITLE STATEMENT
Title TB OF PHYSIOLOGY-2
250 ## - EDITION STATEMENT
Edition statement 4TH
260 ## - PUBLICATION, DISTRIBUTION, ETC. (IMPRINT)
Name of publisher, distributor, etc. AVICHAL,DELHI
Place of publication, distribution, etc. DELHI
Date of publication, distribution, etc. 2009
300 ## - PHYSICAL DESCRIPTION
Extent 1-1154
650 ## - SUBJECT ADDED ENTRY--TOPICAL TERM
Topical term or geographic name as entry element HUMAN PHYSIOLOGY
942 ## - ADDED ENTRY ELEMENTS (KOHA)
Source of classification or shelving scheme Dewey Decimal Classification
Koha item type Books
Koha issues (borrowed), all copies 28
Holdings
Withdrawn status Lost status Source of classification or shelving scheme Damaged status Not for loan Collection code Home library Current library Shelving location Date acquired Source of acquisition Cost, normal purchase price Serial Enumeration / chronology SGTU Bill Number Total Checkouts Total Renewals Full call number Barcode Date last seen Date last checked out Bill Date Koha item type
    Dewey Decimal Classification     MEDICAL SGT Medical Library SGT Medical Library Reference Book 25/02/2010 U.B.S. DELHI 475.00 II SGTU 982 37 1 612 P06J FM2507 28/06/2024 28/06/2024 06/04/2011 Books
weeded-out   Dewey Decimal Classification     MEDICAL SGT Medical Library SGT Medical Library Reference Book 25/02/2010 U.B.S. DELHI 475.00 II SGTU 982 37   612 P06J FM2508 06/08/2021 10/04/2021 06/04/2011 Books
    Dewey Decimal Classification     MEDICAL SGT Medical Library SGT Medical Library Reference Book 25/02/2010 U.B.S. DELHI 475.00 II SGTU 982     612 P06J FM2509 09/02/2015   06/04/2011 Books
    Dewey Decimal Classification     MEDICAL SGT Medical Library SGT Medical Library Reference Book 25/02/2010 U.B.S. DELHI 475.00 II SGTU 982     612 P06J FM2510 09/02/2015   06/04/2011 Books
    Dewey Decimal Classification     MEDICAL SGT Medical Library SGT Medical Library Reference Book 25/02/2010 U.B.S. DELHI 475.00 II SGTU 982 21   612 P06J FM2511 28/12/2024 12/12/2024 06/04/2011 Books